Formel 1 Fahrer 2026 - Statistiken

Allgemein
  • Dieses Quiz wurde 401 mal gespielt
  • Das Durchschnittsergebnis liegt bei 19 aus 22
Antwortstatistiken
Team Nummer Fahrer % Korrekt
McLaren Mastercard Formula 1 Team 1 Lando Norris
99%
Oracle Red Bull Racing 33 Max Verstappen
99%
McLaren Mastercard Formula 1 Team 81 Oscar Piastri
98%
Scuderia Ferrari HP 44 Lewis Hamilton
97%
Mercedes-AMG Petronas F1 Team 12 Andrea Kimi Antonelli
96%
Scuderia Ferrari HP 16 Charles Leclerc
96%
Aston Martin Aramco Honda 14 Fernando Alonso
94%
Revolut Audi F1 Team 27 Nico Hülkenberg
93%
Mercedes-AMG Petronas F1 Team 63 George Russell
91%
Atlassian Williams F1 Team 55 Carlos Sainz
90%
Oracle Red Bull Racing 6 Isack Hadjar
89%
Aston Martin Aramco Honda 18 Lance Stroll
89%
BWT Alpine F1 Team 10 Pierre Gasly
87%
Cadillac Formula 1 Team 11 Sergio Perez
87%
TGR Haas F1 Team 31 Esteban Ocon
86%
Atlassian Williams F1 Team 23 Alexander Albon
84%
Revolut Audi F1 Team 5 Gabriel Bortoleto
83%
Visa Cash App Racing Bulls F1 Team 30 Liam Lawson
83%
TGR Haas F1 Team 87 Oliver Bearman
83%
Cadillac Formula 1 Team 77 Valtteri Bottas
83%
BWT Alpine F1 Team 43 Franco Colapinto
75%
Visa Cash App Racing Bulls F1 Team 41 Arvid Lindblad
61%
Keine übereinstimmenden Quizze gefunden
Verteilung der Resultate
Anzahl Personen mit jedem Resultat
Perzentil nach korrekt beantworteten Fragen
Ihre Resultats-Entwicklung
Sie haben dieses Quiz noch nicht gespielt